[Event "16. Jacques Lemans Open"]
[Site "St. Veit"]
[Date "????.??.??"]
[Round "?"]
[White "Posch, Werner"]
[Black "Widowitz, Josef"]
[Result "1-0"]
[WhiteElo "2210"]
[BlackElo "1951"]
[PlyCount "39"]
[EventDate "1997.07.??"]

1. e4 e5 2. Nc3 Nf6 3. Bc4 Nc6 4. d3 h6 5. f4 Bc5 6. Nf3 d6 7. Na4 Bb6 8. Nxb6
axb6 9. O-O Na5 {} 10. fxe5 dxe5 11. Bxf7+ Kxf7 12. Nxe5+ Kg8 13. Ng6 Qd4+ 14.
Kh1 Ng4 15. Qf3 Be6 16. Nxh8 Kxh8 17. h3 Ne5 18. Qh5 Kg8 19. c3 Qd6 20. Bf4 1-0

[Event "16. Jacques Lemans Open"]
[Site "St. Veit"]
[Date "????.??.??"]
[Round "?"]
[White "Titz, Herbert"]
[Black "Benda, Herbert"]
[Result "1/2-1/2"]
[WhiteElo "1935"]
[BlackElo "2200"]
[PlyCount "83"]
[EventDate "1997.07.??"]

1. e4 c5 2. Nf3 d6 3. d4 cxd4 4. c3 d3 5. Bxd3 Nc6 6. Nbd2 Nf6 7. O-O g6 8. Re1
Bg7 9. Nc4 O-O 10. Bg5 Ng4 11. Bf4 Nge5 12. Nfxe5 dxe5 13. Be3 Qc7 14. Qe2 Be6
15. Na3 Rac8 16. Red1 a6 17. f3 b5 18. Qf2 Rb8 19. Nc2 Rfd8 20. Be2 Rxd1+ 21.
Bxd1 a5 22. Ne1 b4 23. Rc1 bxc3 24. Rxc3 Qd6 25. Ba4 Nd4 26. b3 Rc8 27. Rxc8+
Bxc8 28. Qd2 Qb6 29. Kf2 Ba6 30. Nd3 Qd6 31. Nb2 Qc7 32. Nd1 f5 33. Qc3 Qb6 34.
Ke1 Bf6 35. Bf2 f4 36. Nb2 Qb4 37. Qxb4 axb4 38. Bd7 Kf7 39. Nc4 e6 40. Kd2 Ke7
41. Ba4 {} 41... Bxc4 42. bxc4 1/2-1/2

[Event "16. Jacques Lemans Open"]
[Site "St. Veit"]
[Date "????.??.??"]
[Round "?"]
[White "Lau , Ralf"]
[Black "Jeraj, Zlatko"]
[Result "1-0"]
[WhiteElo "2500"]
[BlackElo "2150"]
[PlyCount "99"]
[EventDate "1996.07.??"]

1. e4 e5 2. Nf3 Nc6 3. Bb5 a6 4. Ba4 Nf6 5. O-O b5 6. Bb3 Be7 7. d4 d6 8. c3
Bg4 9. d5 Nb8 10. h3 Bh5 11. Nbd2 O-O 12. Re1 c5 13. dxc6 Nxc6 14. Nf1 Na5 15.
Bc2 Rc8 16. Ng3 Bxf3 17. Qxf3 b4 18. Nf5 bxc3 19. bxc3 Ne8 20. Rd1 Nc7 21. Bh6
Ne6 22. Qg3 g6 23. Nxe7+ Qxe7 {} 24. Bxf8 Kxf8 25. Kh2 Nf4 26. Bb3 h5 27. Qe3
Qd7 28. Rd2 Nb7 29. Rad1 a5 30. Bd5 Nc5 31. Rb1 Kg7 32. c4 g5 33. Rb5 a4 34.
Kg1 Rh8 35. Qg3 Kf6 36. Rb6 Rd8 37. h4 Rg8 38. Kh2 Rg6 39. f3 g4 40. fxg4 Rxg4
41. Qf2 Rg6 42. Qf3 Kg7 43. Rb1 f5 44. exf5 Qxf5 45. Rf1 Kh6 46. Kh1 Rg4 47. g3
e4 48. Qe3 Ncd3 49. Rxd3 exd3 50. Rxf4 1-0

[Event "16. Jacques Lemans Open"]
[Site "St. Veit"]
[Date "????.??.??"]
[Round "?"]
[White "Senff, Martin"]
[Black "Nickl, Klaus"]
[Result "1-0"]
[WhiteElo "2415"]
[BlackElo "2145"]
[PlyCount "67"]
[EventDate "1996.07.??"]

1. e4 e5 2. Nf3 Nc6 3. Bb5 a6 4. Bxc6 dxc6 5. O-O f6 6. d4 Bg4 7. dxe5 Qxd1 8.
Rxd1 fxe5 9. Rd3 Bd6 10. b3 Nf6 11. Nbd2 b5 12. Bb2 Nd7 13. Rc3 c5 14. Nf1 O-O
15. N3d2 Be6 16. Rg3 Rae8 17. Ne3 c6 18. a4 Bc7 19. axb5 axb5 20. Ra6 Nb8 21.
Ra7 Rf7 22. Nf3 h6 23. Ra8 Rf4 24. Ra7 Rf7 25. h3 Kh7 26. Ra8 Rf4 27. Bxe5 Bxe5
28. Nxe5 Rxe4 29. Nxc6 Bd5 {} 30. Ra7 Bxc6 31. Rgxg7+ Kh8 32. Rh7+ Kg8 33.
Rag7+ Kf8 34. Nf5 1-0

[Event "16. Jacques Lemans Open"]
[Site "St. Veit"]
[Date "????.??.??"]
[Round "?"]
[White "Winiwarter, Felix"]
[Black "Herzog, Adolf"]
[Result "1-0"]
[WhiteElo "2165"]
[BlackElo "2405"]
[PlyCount "45"]
[EventDate "1996.07.??"]

1. e4 c5 2. Nf3 e6 3. d4 cxd4 4. Nxd4 Nf6 5. Nc3 Nc6 6. Be2 Bb4 7. O-O Bxc3 8.
bxc3 Nxe4 9. Bd3 Nxc3 10. Qg4 O-O 11. Nxc6 dxc6 12. Bb2 f5 13. Qg3 Qd4 14. Rab1
Rd8 15. Rfe1 g6 16. Bf1 Ne4 {} 17. Rxe4 Qxe4 18. Qc3 Rd7 19. Re1 Qh4 20. Rxe6
Kf7 21. Re3 Re7 22. Qg7+ Ke8 23. Qg8+ 1-0

[Event "16. Jacques Lemans Open"]
[Site "St. Veit"]
[Date "????.??.??"]
[Round "?"]
[White "Mazi, Leon"]
[Black "Glueck , Michael"]
[Result "1-0"]
[WhiteElo "2355"]
[BlackElo "2105"]
[PlyCount "67"]
[EventDate "1996.07.??"]

1. e4 e5 2. Nf3 Nf6 3. Nxe5 d6 4. Nf3 Nxe4 5. Qe2 Qe7 6. d3 Nf6 7. Nc3 Qxe2+ 8.
Bxe2 c6 9. Bg5 Be7 10. O-O-O Na6 11. Rhe1 Nc7 12. d4 d5 13. Bd3 Ne6 14. Bd2 O-O
15. Re2 Bd7 16. Rde1 Rfd8 17. Bf5 Bd6 18. Kb1 c5 19. dxc5 Nxc5 20. Bxd7 Rxd7
21. Nb5 Nce4 22. Be3 a6 23. Nxd6 Nxd6 24. Nd4 Nc4 25. Bf4 h6 26. Nf5 b5 27. b3
Na5 28. Be5 Kh7 29. Re3 Nh5 30. g4 Nf6 31. Bxf6 gxf6 32. Rh3 {} 32... Kg6 33.
f4 Rh8 34. Re8 1-0

[Event "16. Jacques Lemans Open"]
[Site "St. Veit"]
[Date "????.??.??"]
[Round "?"]
[White "Kurasch , Josef"]
[Black "Piven, Igor"]
[Result "0-1"]
[WhiteElo "2114"]
[BlackElo "2345"]
[PlyCount "80"]
[EventDate "1996.07.??"]

1. c4 e5 2. Nc3 Nc6 3. Nf3 Nf6 4. g3 d5 5. cxd5 Nxd5 6. Bg2 Nde7 7. O-O g6 8.
d3 Bg7 9. Bd2 O-O 10. Rb1 a5 11. a3 Nd4 12. b4 axb4 13. axb4 h6 14. Ne4 Ra7 15.
Nc3 Kh7 16. Qc1 Bd7 17. Nxd4 exd4 18. Ne4 b6 19. Be1 Be6 20. Nd2 Bd5 21. Nf3
Nf5 22. Ra1 Rxa1 23. Qxa1 Re8 24. Qb2 Qa8 25. Qc2 Qb7 {} 26. Nh4 Nxh4 27. Bxd5
Qxd5 28. gxh4 Qe6 29. Qxc7 Qxe2 30. Qxf7 Rf8 31. Qb7 Qxd3 32. Kg2 Qf5 33. f3 b5
34. Bf2 Rf7 35. Qe4 d3 36. Qxf5 Rxf5 37. Rd1 Rd5 38. Bc5 Bc3 39. Kh3 d2 40. Kg2
Re5 0-1

[Event "16. Jacques Lemans Open"]
[Site "St. Veit"]
[Date "????.??.??"]
[Round "?"]
[White "Neulinger, Manfred"]
[Black "Grom, Waldemar"]
[Result "1-0"]
[WhiteElo "2330"]
[BlackElo "2045"]
[PlyCount "48"]
[EventDate "1996.07.??"]

1. e4 c5 2. Nf3 e6 3. d3 Nc6 4. g3 g6 5. Bg2 Bg7 6. O-O Nge7 7. Re1 O-O 8. c3
d5 9. e5 d4 10. c4 a6 11. Bf4 h6 12. h4 Rb8 13. Nbd2 b5 14. b3 Bd7 15. Ne4 Qb6
16. Qd2 Rbd8 {} 17. Nf6+ Kh8 18. Bxh6 Be8 19. Qg5 Nf5 20. Bxg7+ Kxg7 21. g4
Nfe7 22. Nh5+ Kh7 23. Qf6 Rg8 24. Ng5+ Kh6 1-0

[Event "16. Jacques Lemans Open"]
[Site "St. Veit"]
[Date "????.??.??"]
[Round "?"]
[White "Kavcic, Uros"]
[Black "Horvath, Gabor"]
[Result "1/2-1/2"]
[WhiteElo "2100"]
[BlackElo "2280"]
[PlyCount "86"]
[EventDate "1996.07.??"]

1. e4 c5 2. Nf3 Nc6 3. d4 cxd4 4. Nxd4 e5 5. Nb5 d6 6. c4 Be7 7. N1c3 a6 8. Na3
Be6 9. Be2 Nd4 10. O-O Nf6 11. b3 Rc8 12. Bb2 O-O 13. Nc2 Nxc2 14. Qxc2 Qa5 15.
Qd3 Nd7 16. Rfd1 Nc5 17. Qd2 Kh8 18. Rac1 h6 19. g3 f5 20. exf5 Bxf5 21. Nd5
Qxd2 22. Rxd2 Bg5 23. f4 exf4 24. gxf4 Bh4 25. Bf1 Rce8 26. Nc7 Re7 27. Rxd6
Bf2+ 28. Kxf2 Ne4+ 29. Kg1 Nxd6 30. Nd5 Re6 31. Bg2 Be4 32. Bxe4 Nxe4 33. Rc2
Kh7 34. b4 Rf7 35. a4 Nd6 36. c5 Ne4 37. b5 Rg6+ 38. Kf1 axb5 39. axb5 Rd7 40.
Nb4 Nd2+ 41. Kf2 Ne4+ 42. Kf3 Nd2+ 43. Kf2 Rd8 1/2-1/2

[Event "16. Jacques Lemans Open"]
[Site "St. Veit"]
[Date "????.??.??"]
[Round "?"]
[White "Markun, Bostjan"]
[Black "Lehner, Erich"]
[Result "1-0"]
[WhiteElo "2265"]
[BlackElo "1916"]
[PlyCount "127"]
[EventDate "1996.07.??"]

1. e4 e5 2. Nf3 Nc6 3. Bb5 a6 4. Ba4 d6 5. Bxc6+ bxc6 6. d4 Bg4 7. dxe5 Bxf3 8.
Qxf3 dxe5 9. O-O Qf6 10. Qb3 Bc5 11. Be3 Bb6 12. Bxb6 cxb6 13. Qxb6 Ne7 14. Nc3
O-O 15. Qe3 Rab8 16. b3 Rb4 17. Rad1 Rd4 18. Ne2 Rd6 19. Qb6 Ng6 20. Rxd6 Qxd6
21. Qxa6 Rd8 22. g3 h5 23. Qc4 h4 24. Nc3 h3 25. Qe2 Nf4 26. Qg4 Ne6 27. Rd1
Nd4 28. Rd3 Qh6 29. Ne2 c5 30. Nxd4 Rxd4 31. Rxd4 cxd4 32. Qd1 f5 33. exf5 Qg5
34. Kf1 Qxf5 35. Qd3 Qg5 36. Ke2 Qc1 37. Qf5 g5 38. Kd3 Qf1+ 39. Ke4 Qe2+ 40.
Kd5 Qb5+ 41. Ke6 Qe8+ 42. Kf6 Qc6+ 43. Kxe5 Qc3 44. Qxg5+ Kh7 45. Qh4+ Kg7 46.
Qxd4 Qxc2 47. Ke6+ Kg8 48. Qg4+ Kh8 {} 49. Qxh3+ Kg7 50. Qg4+ Kh6 51. Qf4+ Kg7
52. Qe5+ Kg8 53. Qg5+ Kh8 54. Kf6 Qc6+ 55. Kf7 Qd7+ 56. Kg6 Qe8+ 57. Kf5 Qd7+
58. Ke4 Qc6+ 59. Qd5 Qc2+ 60. Kf3 Qxa2 61. Kg2 Qb1 62. Qb7 Qf5 63. b4 Qf7 64.
Qc6 1-0

[Event "16. Jacques Lemans Open"]
[Site "St. Veit"]
[Date "????.??.??"]
[Round "?"]
[White "Jochinger, Ferdinand"]
[Black "Valent, Peter"]
[Result "1-0"]
[WhiteElo "2240"]
[BlackElo "1862"]
[PlyCount "96"]
[EventDate "1996.07.??"]

1. e4 e5 2. Nf3 Nc6 3. Bb5 a6 4. Ba4 Nf6 5. O-O d6 6. d3 Be7 7. c3 O-O 8. Re1
Bg4 9. h3 Bh5 10. Nbd2 d5 11. Bxc6 bxc6 12. Qa4 dxe4 13. dxe4 Bxf3 14. Nxf3 Qd6
15. Be3 Nd7 16. Red1 Qe6 17. Qb3 Qxb3 18. axb3 Bd6 19. Ra5 Rfb8 20. b4 Rb5 21.
Rda1 Rxa5 22. Rxa5 f6 23. Nd2 Kf7 24. Nc4 Be7 25. f4 Ke6 26. g3 g6 27. Kg2 g5
28. f5+ Kf7 29. Ra1 Bf8 30. Rd1 Ke8 31. Ra1 h6 32. h4 Kf7 33. Kf3 gxh4 34. gxh4
h5 35. Ra5 Be7 36. Nd2 Nb6 37. Bc5 Nc8 38. Bxe7 Kxe7 39. Nb3 Nd6 40. Nc5 Nc4 {
} 41. Rxa6 Rxa6 42. Nxa6 Nxb2 43. Nxc7 Na4 44. c4 Nb2 45. b5 Nxc4 46. bxc6 Nd6
47. Nd5+ Kf7 48. c7 Nc8 1-0

[Event "16. Jacques Lemans Open"]
[Site "St. Veit"]
[Date "????.??.??"]
[Round "?"]
[White "Eichhorn, Alfred"]
[Black "Praznik, Anton"]
[Result "1/2-1/2"]
[WhiteElo "2040"]
[BlackElo "2230"]
[PlyCount "91"]
[EventDate "1996.07.??"]

1. d4 Nf6 2. c4 c5 3. d5 e5 4. Nc3 d6 5. e4 Be7 6. Nge2 O-O 7. Ng3 Ne8 8. Bd3
Bg5 9. O-O g6 10. f4 Bxf4 11. Bxf4 exf4 12. Rxf4 Nd7 13. Rf2 Ne5 14. Be2 Qg5
15. Qc1 Qxc1+ 16. Rxc1 Bd7 17. Nf1 a6 18. a4 Rb8 19. Nd2 Nc7 20. Ra1 b6 21. h3
Kg7 22. b3 f6 23. Rff1 Rf7 24. Nf3 Re7 25. Nxe5 Rxe5 26. Bd3 Rbe8 27. Rae1 Rb8
28. Ra1 Re7 29. Kf2 Rf8 30. Rae1 Re5 31. Kg1 Kf7 32. Re2 Ke7 33. Ref2 Rg5 34.
Kh2 Re5 35. Kg1 Ne8 36. Ra2 Nc7 37. Raf2 h5 38. Ne2 h4 39. Kh2 g5 {} 40. g4
Ne8 41. Ng1 a5 42. Nf3 Bc8 43. Kg1 Bd7 44. Bc2 Bc8 45. Rd2 Bd7 46. Nxe5 1/2-1/2

[Event "16. Jacques Lemans Open"]
[Site "St. Veit"]
[Date "????.??.??"]
[Round "?"]
[White "Pfaffel, Thomas"]
[Black "Posch, Werner"]
[Result "1/2-1/2"]
[WhiteElo "2035"]
[BlackElo "2210"]
[PlyCount "53"]
[EventDate "1996.07.??"]

1. e4 Nf6 2. Nc3 e5 3. Nf3 Nc6 4. Bc4 Bc5 5. O-O d6 6. h3 O-O 7. d3 Na5 8. Na4
Nxc4 9. Nxc5 dxc5 10. dxc4 Nxe4 11. Qxd8 Rxd8 12. Nxe5 Be6 13. b3 b6 14. Re1
Nd6 15. g4 a5 16. a4 h5 17. f3 Re8 18. Bf4 f6 19. Ng6 hxg4 20. hxg4 Rad8 21.
Rad1 Kf7 22. Bxd6 Rxd6 23. Rxd6 cxd6 {} 24. Nf4 g5 25. Nxe6 Rxe6 26. Rd1 Ke7
27. Kf2 1/2-1/2

[Event "16. Jacques Lemans Open"]
[Site "St. Veit"]
[Date "????.??.??"]
[Round "?"]
[White "Koller, Hubert"]
[Black "Hermann, Johann"]
[Result "1/2-1/2"]
[WhiteElo "2170"]
[BlackElo "1983"]
[PlyCount "91"]
[EventDate "1996.07.??"]

1. Nf3 b6 2. d4 Bb7 3. Bf4 Nf6 4. Nbd2 e6 5. e3 Be7 6. h3 d6 7. Bd3 Nbd7 8. O-O
c5 9. c3 a6 10. Qe2 Qc7 11. Rac1 O-O 12. e4 e5 13. Bh2 b5 14. d5 c4 15. Bb1 a5
16. Rfd1 Qb6 17. Kh1 Ba6 18. Bg1 g6 19. g4 Rfe8 20. Ne1 Qd8 21. Kg2 Bf8 22. f3
Bh6 23. Be3 Bf4 24. Nf1 Kg7 25. Ng3 h5 26. Qf2 h4 27. Ne2 g5 28. Bxf4 exf4 29.
Nd4 Ne5 30. Bc2 Rb8 31. a3 Qb6 32. Rd2 Nfd7 {} 33. Nf5+ Kg6 34. Qd4 Nc5 35.
Qg1 a4 36. Rcd1 f6 37. Nd4 Kf7 38. Rb1 Bc8 39. Bd1 Bd7 40. Be2 Qc7 41. Nec2 Na6
42. Rbd1 Rb6 43. Qf2 Rbb8 44. Nc6 Rb6 45. N2d4 Nc5 46. Nb4 1/2-1/2

[Event "16. Jacques Lemans Open"]
[Site "St. Veit"]
[Date "????.??.??"]
[Round "?"]
[White "Raffalt, Manfred"]
[Black "Pitro, Erwin"]
[Result "1-0"]
[WhiteElo "2215"]
[BlackElo "1956"]
[PlyCount "59"]
[EventDate "1996.07.??"]

1. d4 g6 2. e4 Bg7 3. Nc3 c6 4. Nf3 d5 5. h3 Nf6 6. e5 Ne4 7. Bd3 Nxc3 8. bxc3
O-O 9. O-O f6 10. Bf4 fxe5 11. Bxe5 Bf5 12. Bxg7 Kxg7 13. Qe2 Bxd3 14. cxd3 h6
15. Rab1 Qc7 16. Rfe1 Nd7 17. Qxe7+ Rf7 18. Qh4 Raf8 19. Re7 Rxe7 20. Qxe7+ Rf7
21. Qe3 b6 22. Re1 Qc8 23. Qe6 Rf6 24. Qg4 Qd8 25. Ne5 Nxe5 26. dxe5 Rf5 27. e6
Qe7 28. Qd4+ Kg8 29. g4 {} 29... Rf6 30. Qxf6 1-0

[Event "16. Jacques Lemans Open"]
[Site "St. Veit"]
[Date "????.??.??"]
[Round "?"]
[White "Mussnig, Manfred"]
[Black "Juergens, Klaus"]
[Result "0-1"]
[WhiteElo "1965"]
[BlackElo "2185"]
[PlyCount "32"]
[EventDate "1996.07.??"]

1. e4 c5 2. Nf3 Nc6 3. d4 cxd4 4. Nxd4 Nf6 5. Nc3 d6 6. Be2 e6 7. Be3 Be7 8.
O-O O-O 9. f4 a6 10. a4 Qc7 11. Nb3 Na5 12. Nxa5 Qxa5 13. g4 Re8 14. f5 exf5
15. exf5 Bd8 {} 16. Qd2 Rxe3 0-1

[Event "16. Jacques Lemans Open"]
[Site "St. Veit"]
[Date "????.??.??"]
[Round "?"]
[White "Praznik, Niko"]
[Black "Neubauer, Anton"]
[Result "1-0"]
[WhiteElo "2145"]
[BlackElo "1935"]
[PlyCount "124"]
[EventDate "1996.07.??"]

1. e4 c5 2. c3 e5 3. Nf3 Nc6 4. Bc4 Qc7 5. d3 Nf6 6. Nbd2 d6 7. Nf1 h6 8. Ne3
Be7 9. O-O O-O 10. a3 a5 11. a4 Rd8 12. Qb3 Bf8 13. Nh4 Re8 14. Bb5 Kh7 15. f4
exf4 16. Rxf4 Re5 17. Nf3 Re7 18. Rxf6 gxf6 19. Nd5 Qd8 20. Nxe7 Qxe7 21. Bf4
Ne5 22. Rf1 Be6 23. Qc2 Ng6 24. Bg3 d5 25. d4 dxe4 26. Qxe4 f5 27. Qe3 Rd8 28.
Re1 cxd4 29. Nxd4 Qc5 30. Bf2 Bd7 31. Bxd7 Rxd7 32. Qh3 Re7 33. Qxf5 Rxe1+ 34.
Bxe1 Qc4 35. h4 Kg8 36. h5 Ne7 37. Qg4+ Bg7 38. Bh4 Nd5 39. Qg3 Kh7 40. Nf5 Bf8
41. Qf3 {} 41... Nf4 42. Bg3 Ne2+ 43. Kh1 Nxg3+ 44. Nxg3 Qh4+ 45. Kg1 Kg8 46.
Nf5 Qxa4 47. Kh2 Qb5 48. Qf2 Qe5+ 49. Qg3+ Qxg3+ 50. Kxg3 f6 51. Kf3 Kf7 52.
Ke4 b5 53. Kd5 b4 54. cxb4 axb4 55. b3 Kg8 56. Ke6 Kh7 57. Kxf6 Bc5 58. Kf7 Bf2
59. Nd6 Bg3 60. Ne4 Be1 61. Nf6+ Kh8 62. Kg6 Bd2 1-0

[Event "16. Jacques Lemans Open"]
[Site "St. Veit"]
[Date "????.??.??"]
[Round "?"]
[White "Markun, Bostjan"]
[Black "Lau, Ralf"]
[Result "1/2-1/2"]
[WhiteElo "2265"]
[BlackElo "2500"]
[PlyCount "79"]
[EventDate "1996.07.??"]

1. e4 c5 2. c3 d5 3. exd5 Qxd5 4. d4 Nf6 5. Nf3 Nc6 6. Be2 cxd4 7. cxd4 e6 8.
O-O Be7 9. Nc3 Qd6 10. Nb5 Qd8 11. Bf4 Nd5 12. Bg3 O-O 13. Bc4 a6 14. Bxd5 axb5
15. Be4 Qb6 16. Re1 Rd8 17. Qb3 Nxd4 18. Nxd4 Rxd4 19. Be5 Rd7 20. Rac1 Bd6 21.
Bf3 Rd8 22. Bxd6 Rxd6 23. Red1 Bd7 24. Rxd6 Qxd6 25. Bxb7 Ra7 26. Bf3 g6 27. h3
Qd4 28. a3 Kg7 29. Rd1 Qc5 30. Qd3 Rc7 31. Qd4+ Qxd4 32. Rxd4 Kf6 33. Kf1 e5
34. Rd2 Ke7 35. Bd5 f5 36. Ke2 Be6 {} 37. Bxe6 Kxe6 38. Kd1 b4 39. axb4 Rc4
40. b5 1/2-1/2

[Event "16. Jacques Lemans Open"]
[Site "St. Veit"]
[Date "????.??.??"]
[Round "?"]
[White "Piven, Igor"]
[Black "Winiwarter, Felix"]
[Result "1-0"]
[WhiteElo "2345"]
[BlackElo "2165"]
[PlyCount "82"]
[EventDate "1996.07.??"]

1. d4 Nf6 2. c4 g6 3. Nf3 Bg7 4. g3 O-O 5. Bg2 d6 6. O-O Nc6 7. Nc3 Bg4 8. h3
Bxf3 9. Bxf3 Nd7 10. e3 e5 11. d5 Ne7 12. e4 f5 13. h4 Nf6 14. Bd2 Qd7 15. Bg2
f4 16. gxf4 exf4 17. Qf3 Ng4 18. Bh3 Ne5 19. Qh1 Qd8 20. b3 Kh8 21. f3 Ng8 22.
Be6 g5 23. hxg5 Qxg5+ 24. Qg2 Qh4 25. Qh3 Qxh3 26. Bxh3 Nd3 27. Kg2 Rf6 28. Rh1
Raf8 29. Kf1 Ne5 30. Ke2 Rh6 31. Bf5 Ne7 32. Rxh6 Bxh6 33. Be6 Rf6 34. Rg1 a6
35. Nd1 Bg7 36. Nf2 Rg6 37. Rxg6 N5xg6 38. Nd3 Be5 39. Nxe5 dxe5 40. c5 {}
40... Kg7 41. Ba5 Nf8 1-0

[Event "16. Jacques Lemans Open"]
[Site "St. Veit"]
[Date "????.??.??"]
[Round "?"]
[White "Hummel, Markus"]
[Black "Neulinger, Manfred"]
[Result "0-1"]
[WhiteElo "1970"]
[BlackElo "2330"]
[PlyCount "82"]
[EventDate "1996.07.??"]

1. e4 c6 2. Nc3 d5 3. d3 dxe4 4. Nxe4 Nf6 5. Bf4 Bf5 6. Ng3 Bg6 7. Nf3 Nbd7 8.
d4 Nd5 9. Bd2 e6 10. a3 Bd6 11. Ne2 b5 12. Nc3 O-O 13. Nxd5 exd5 14. Be2 Re8
15. O-O h6 16. Ne1 Qc7 17. g3 Nf6 18. Nd3 Re4 19. Be3 Bxg3 20. hxg3 Rxe3 21.
fxe3 Qxg3+ 22. Kh1 Be4+ 23. Bf3 Qh4+ 24. Kg1 Qg3+ 25. Kh1 Ng4 {} 26. Qe2 Nh2
27. Bxe4 Nxf1 28. Rxf1 dxe4 29. Nf4 g5 30. Rg1 Qf3+ 31. Qxf3 exf3 32. Nh5 Kh7
33. Kh2 Kg6 34. Ng3 h5 35. Nf1 g4 36. Kg3 Kg5 37. Rh1 f5 38. Nd2 Re8 39. Re1
h4+ 40. Kf2 h3 41. Kg3 Rxe3 0-1

[Event "16. Jacques Lemans Open"]
[Site "St. Veit"]
[Date "????.??.??"]
[Round "?"]
[White "Tratar, Marko"]
[Black "Feichter, Clemens"]
[Result "1-0"]
[WhiteElo "2420"]
[BlackElo "2051"]
[PlyCount "95"]
[EventDate "1996.07.??"]

1. Nf3 g6 2. d4 Bg7 3. c4 Nf6 4. Nc3 d5 5. cxd5 Nxd5 6. e4 Nxc3 7. bxc3 O-O 8.
Be2 c5 9. Rb1 Nc6 10. d5 Bxc3+ 11. Bd2 Bxd2+ 12. Qxd2 Nd4 13. Nxd4 cxd4 14.
Qxd4 Qa5+ 15. Qd2 Qxd2+ 16. Kxd2 Rd8 17. Ke3 b6 18. Rbc1 e6 19. Bc4 b5 20. Bxb5
exd5 21. Rhd1 Be6 22. Bc6 {} 22... Rac8 23. Bxd5 Rxc1 24. Rxc1 Bxd5 25. Rd1
Re8 26. Rxd5 Re7 27. g4 Kg7 28. h4 Rb7 29. h5 Rc7 30. hxg6 hxg6 31. Ra5 Kf6 32.
g5+ Ke7 33. Ra6 Rd7 34. Kf4 Rb7 35. f3 Rc7 36. a4 Ke8 37. Ke5 Ke7 38. Ra5 Rd7
39. Rc5 Rb7 40. Kd5 Kd7 41. Rb5 Rc7 42. a5 Ke7 43. a6 Kd8 44. Rb8+ Kd7 45. f4
Ke7 46. Rb7 Kd7 47. Rxc7+ Kxc7 48. f5 1-0

[Event "16. Jacques Lemans Open"]
[Site "St. Veit"]
[Date "????.??.??"]
[Round "?"]
[White "Horvath, Gabor"]
[Black "Hennings, Margit"]
[Result "1-0"]
[WhiteElo "2280"]
[BlackElo "2045"]
[PlyCount "72"]
[EventDate "1996.07.??"]

1. e4 c5 2. Nc3 Nc6 3. f4 e6 4. Nf3 d5 5. Bb5 d4 6. Bxc6+ bxc6 7. Ne2 Nf6 8. d3
Be7 9. O-O Ba6 10. b3 O-O 11. Kh1 Qc7 12. Bd2 Rad8 13. Qe1 Nd7 14. g4 Bc8 15.
f5 exf5 16. gxf5 Bd6 {} 17. f6 Nxf6 18. Ba5 Qb8 19. Bxd8 Rxd8 20. Qh4 Be7 21.
Rg1 Nd5 22. Qh6 Bf8 23. exd5 g6 24. Qh4 Rxd5 25. Ng5 h6 26. Ne4 Rf5 27. N2g3
Qf4 28. Nxf5 Qf3+ 29. Rg2 Bxf5 30. Qg3 Bxe4 31. dxe4 Qxe4 32. Re1 Qd5 33. Qe5
Qd7 34. Rf1 Bg7 35. Qxc5 d3 36. cxd3 Qxd3 1-0

[Event "16. Jacques Lemans Open"]
[Site "St. Veit"]
[Date "????.??.??"]
[Round "?"]
[White "Erhart, Helmut"]
[Black "Raffalt, Manfred"]
[Result "1/2-1/2"]
[WhiteElo "2095"]
[BlackElo "2215"]
[PlyCount "37"]
[EventDate "1996.07.??"]

1. Nf3 e6 2. g3 f5 3. c4 Nf6 4. Bg2 Be7 5. O-O O-O 6. d3 b6 7. Nfd2 Nc6 8. Nc3
Bb7 9. a3 Qe8 10. Nb5 {} 10... Qh5 11. e4 Qxd1 12. Rxd1 a6 13. Nc3 Bc5 14. Nb3
Nd4 15. Nxd4 Bxd4 16. Ne2 c5 17. Nxd4 cxd4 18. exf5 Bxg2 19. Kxg2 1/2-1/2

[Event "16. Jacques Lemans Open"]
[Site "St. Veit"]
[Date "????.??.??"]
[Round "?"]
[White "Posch, Werner"]
[Black "Eichhorn, Alfred"]
[Result "1-0"]
[WhiteElo "2210"]
[BlackElo "2040"]
[PlyCount "87"]
[EventDate "1996.07.??"]

1. e4 e6 2. d3 d5 3. Nd2 c5 4. Ngf3 Nc6 5. g3 g6 6. Bg2 Bg7 7. O-O Nge7 8. Re1
O-O 9. c3 b6 10. Qa4 Bd7 11. Qc2 Rc8 12. Nf1 d4 13. c4 Nb4 14. Qd1 h6 15. a3
Nbc6 16. Bd2 a5 17. h4 Qc7 18. e5 Kh7 19. Bf4 Qb8 20. b3 Na7 21. Rb1 b5 22.
N1d2 Bc6 23. b4 cxb4 24. axb4 bxc4 25. bxa5 Qa8 26. Nxc4 Nd5 27. Nb6 Nxb6 28.
axb6 Rb8 29. Qe2 Nc8 30. Rec1 Rxb6 31. Rxb6 Nxb6 {} 32. Rxc6 Qxc6 33. Ng5+
hxg5 34. Bxc6 gxf4 35. gxf4 Nc8 36. Be4 Ne7 37. Qb2 Rg8 38. Qxd4 Nf5 39. Qd7
Nxh4 40. Qxf7 Rf8 41. Qxe6 Rxf4 42. Qd7 Kh6 43. e6 Bd4 44. Qxd4 1-0

[Event "16. Jacques Lemans Open"]
[Site "St. Veit"]
[Date "????.??.??"]
[Round "?"]
[White "Hafner, Robert"]
[Black "Benda, Herbert"]
[Result "1/2-1/2"]
[WhiteElo "2088"]
[BlackElo "2200"]
[PlyCount "130"]
[EventDate "1996.07.??"]

1. d4 g6 2. c4 Bg7 3. e4 d6 4. Nc3 Nc6 5. Be3 e5 6. Nge2 exd4 7. Nxd4 Nge7 8.
Be2 O-O 9. O-O f5 10. exf5 Bxd4 11. Bxd4 Nxf5 12. Be3 Nxe3 13. fxe3 Be6 14. Qd2
Rxf1+ 15. Rxf1 Qe7 16. Nd5 Bxd5 17. cxd5 Ne5 18. Rc1 c6 19. dxc6 bxc6 20. Bf3
d5 21. Bxd5+ Kg7 22. Bxc6 Rd8 23. Bd5 Qg5 24. Kh1 Ng4 25. Qc3+ Kh6 26. Bf3 Nf2+
27. Kg1 Nd3 28. Rc2 Qxe3+ 29. Kf1 Rc8 30. Qd2 Qxd2 31. Rxd2 Ne5 32. Kf2 Kg5 33.
Be2 Kf5 34. b3 Rc3 35. Rb2 Ke4 36. Rd2 a5 37. h3 h5 38. Bb5 g5 39. Ba6 g4 40.
Bb7+ Kf5 41. hxg4+ hxg4 42. Ke2 a4 43. bxa4 Ra3 44. Bd5 Rxa4 45. Kf2 Ra5 46.
Bb3 Rc5 47. Rc2 Rb5 48. Ke3 Rb4 49. Rc5 Re4+ 50. Kf2 Rf4+ 51. Ke3 Re4+ 52. Kd2
Rd4+ 53. Kc3 Rd3+ 54. Kb4 Kf4 55. Rc2 g3 56. a4 Ng4 {} 57. Rc4+ Kg5 58. a5 Rd8
59. Rc5+ Kf4 60. a6 Ne3 61. a7 Nxg2 62. Bd5 Ne3 63. a8=Q Nxd5+ 64. Qxd5 Rxd5
65. Rxd5 g2 1/2-1/2

[Event "16. Jacques Lemans Open"]
[Site "St. Veit"]
[Date "????.??.??"]
[Round "?"]
[White "Wilfling, Hermann"]
[Black "Koller, Hubert"]
[Result "1/2-1/2"]
[WhiteElo "2066"]
[BlackElo "2170"]
[PlyCount "170"]
[EventDate "1996.07.??"]

1. d4 d5 2. c4 e6 3. Nc3 Nf6 4. Bg5 c6 5. e3 h6 6. Bxf6 Qxf6 7. Nf3 Nd7 8. Be2
Be7 9. Rc1 dxc4 10. Bxc4 e5 11. O-O O-O 12. dxe5 Nxe5 13. Nxe5 Qxe5 14. Qf3 Bd6
15. g3 Bh3 16. Rfd1 h5 17. Qe4 Rad8 18. Be2 Qg5 19. Qa4 Bb8 20. Rxd8 Rxd8 21.
Rd1 Re8 22. Bf1 Bg4 23. Be2 Bh3 24. Bf1 Bxf1 25. Kxf1 Qf5 26. Kg2 g5 27. e4 Qf6
28. f3 h4 29. Qd4 Be5 30. Qd7 Rb8 31. Rd3 Kg7 32. Qg4 hxg3 33. hxg3 {} 33...
Bxc3 34. bxc3 Re8 35. Qd7 Qe7 36. Kh3 Qe5 37. Kg4 Re7 38. Qf5 Qxf5+ 39. Kxf5 f6
40. f4 gxf4 41. gxf4 Kf7 42. Rd6 Kg7 43. Rxf6 Rxe4 44. Rxc6 Re7 45. Rc5 Kf7 46.
a4 b6 47. Rc4 Rb7 48. Rc6 Re7 49. c4 Kg7 50. c5 bxc5 51. Rxc5 Kf7 52. Rb5 Rc7
53. Ra5 Rb7 54. Ra6 Rc7 55. Ke5 Ke7 56. Kd5 Rd7+ 57. Kc5 Ke8 58. Re6+ Kf7 59.
f5 Rd1 60. Ra6 Rf1 61. Rxa7+ Kf6 62. Rd7 Rc1+ 63. Kb6 Rb1+ 64. Ka6 Kxf5 65.
Rd5+ Ke6 66. Rb5 Ra1 67. a5 Kd7 68. Kb7 Rc1 69. Rd5+ Ke6 70. Rd4 Rb1+ 71. Kc6
Rc1+ 72. Kb6 Rb1+ 73. Ka7 Ke7 74. Rd5 Ke6 75. Rd8 Ke7 76. Rb8 Ra1 77. a6 Kd7
78. Rb4 Kc7 79. Rc4+ Kd7 80. Kb7 Rb1+ 81. Ka8 Ra1 82. a7 Rb1 83. Rh4 Kc7 84.
Rh8 Rb2 85. Rc8+ Kxc8 1/2-1/2

[Event "16. Jacques Lemans Open"]
[Site "St. Veit"]
[Date "????.??.??"]
[Round "?"]
[White "Hermann, Johann"]
[Black "Praznik, Niko"]
[Result "0-1"]
[WhiteElo "1983"]
[BlackElo "2145"]
[PlyCount "80"]
[EventDate "1996.07.??"]

1. c4 g6 2. Nc3 Bg7 3. g3 c5 4. Bg2 Nc6 5. e3 Nh6 6. Nge2 Nf5 7. a3 d6 8. Rb1
Rb8 9. b4 Bd7 10. b5 Ne5 11. d3 h5 12. f4 Ng4 13. Nd5 Be6 14. h3 Bxd5 15. hxg4
Bxg2 16. gxf5 Bxh1 17. Kf2 gxf5 18. Qxh1 e6 19. Qf3 Bf6 20. Bd2 Ke7 21. Rh1 h4
22. g4 fxg4 23. Qxg4 Qg8 24. Qh3 Qg6 25. e4 Rbg8 26. a4 Qh5 27. Kf1 Rg4 28. Be1
Rhg8 29. Rh2 Kd7 30. Bf2 Kc7 31. Qf3 Be7 32. a5 R4g5 33. Qh1 R5g7 34. Be1 Rd8
35. a6 e5 36. Ba5+ b6 37. Bd2 Rdg8 38. Kf2 h3 {} 39. Ke1 Bh4+ 40. Kf1 Rg2 0-1